| 000 | 00402nam a2200133 a 4500 | ||
|---|---|---|---|
| 005 | 20140412111418.0 | ||
| 008 | 070906s19uu xx 00 eng d | ||
| 020 | _a971-508-230-0 | ||
| 050 |
_aBB _bAn8 2003 |
||
| 100 | _aAntonio, Lamberto | ||
| 245 |
_aAlamat ng lansones : _bPaano naalis ang lason ng lansones? / _cLamberto Antonio. |
||
| 260 |
_aPhilippines : _bAdarna house, _c2003. |
||
| 999 |
_c105934 _d105934 |
||